Professional photography : (Record no. 30306)

MARC details
000 -LEADER
fixed length control field 02807nam a2200337 i 4500
001 - CONTROL NUMBER
control field 17982102
003 - CONTROL NUMBER IDENTIFIER
control field EG-ScBUE
005 - DATE AND TIME OF LATEST TRANSACTION
control field 20230509093418.0
008 - FIXED-LENGTH DATA ELEMENTS--GENERAL INFORMATION
fixed length control field 131226s2015 nyua f 001 0 eng d
020 ## - INTERNATIONAL STANDARD BOOK NUMBER
International Standard Book Number 9780415717540 (paperback)
020 ## - INTERNATIONAL STANDARD BOOK NUMBER
Cancelled/invalid ISBN 9781315871288 (ebk)
040 ## - CATALOGING SOURCE
Original cataloging agency DLC
Language of cataloging eng
Description conventions rda
Transcribing agency DLC
Modifying agency DLC
-- EG-ScBUE
082 04 - DEWEY DECIMAL CLASSIFICATION NUMBER
Classification number 771
Edition number 22
Item number SCO
100 1# - MAIN ENTRY--PERSONAL NAME
Personal name Scott, Grant,
Relator term author.
245 10 - TITLE STATEMENT
Title Professional photography :
Remainder of title the new global landscape explained /
Statement of responsibility, etc Grant Scott.
264 #1 - PUBLICATION, DISTRIBUTION, ETC. (IMPRINT)
Place of publication, distribution, etc New York :
Name of publisher, distributor, etc Focal Press, Taylor & Francis Group,
Date of publication, distribution, etc 2015.
300 ## - PHYSICAL DESCRIPTION
Extent xii, 195 pages :
Other physical details illustrations (mostly color) ;
Dimensions 24 cm
336 ## - CONTENT TYPE
Content type term text
Source rdacontent
Content type code txt
337 ## - MEDIA TYPE
Media type term unmediated
Source rdamedia
Media type code n
338 ## - CARRIER TYPE
Carrier type term volume
Source rdacarrier
Carrier type code nc
500 ## - GENERAL NOTE
General note Includes index.
520 ## - SUMMARY, ETC.
Summary, etc "Since the 2006 photographic digital revolution, the world of professional photography has been on a rollercoaster of evolution. Not only has new camera technology changed every aspect of the professional photographer's workflow, but it has also changed their business practices. Full of practical examples and detailed advice, this essential handbook uses a global approach to teach photographers how to thrive in a fast-changing and competitive international market. A robust companion website includes podcast interviews with photographers from around the world, additional insider information, and much more to help photographers understand their place in both the commercial and creative worlds"--
Assigning source Provided by publisher.
520 ## - SUMMARY, ETC.
Summary, etc "Professional Photography: The New Global Landscape Explained By Grant Scott Since the 2006 photographic digital revolution, the world of professional photography has been on a rollercoaster of evolution. Not only has new camera technology transformed every aspect of the professional photographer's workflow, but it has also changed business practices across the industry. This essential handbook uses a global approach to teach photographers how to thrive in a fast-changing and competitive international marketplace. Highlights include practical examples and detailed advice about: - Being well-versed in creating both still and moving images. - Designing and maintaining a well-structured website. - The importance of engaging with social media. - Exploring personal projects to find new clients. - Managing print sales and exhibiting. - Understanding budgeting and copyright in a digital world"--
Assigning source Provided by publisher.
650 #7 - SUBJECT ADDED ENTRY--TOPICAL TERM
Topical term or geographic name as entry element Photography
General subdivision Digital techniques.
Source of heading or term BUEsh
650 #7 - SUBJECT ADDED ENTRY--TOPICAL TERM
Topical term or geographic name as entry element Photography
General subdivision Vocational guidance.
Source of heading or term BUEsh
653 ## - INDEX TERM--UNCONTROLLED
Resource For college Arts and Design
Arrived date list May2023
655 ## - INDEX TERM--GENRE/FORM
Form subdivision Reading book
906 ## - LOCAL DATA ELEMENT F, LDF (RLIN)
a 7
b cbc
c orignew
d 1
e ecip
f 20
g y-gencatlg
942 ## - ADDED ENTRY ELEMENTS (KOHA)
Source of classification or shelving scheme Dewey Decimal Classification
Koha item type Book - Borrowing
Holdings
Withdrawn status Lost status Source of classification or shelving scheme Damaged status Not for loan Collection code Home library Current library Shelving location Date acquired Source of acquisition Cost, normal purchase price Serial Enumeration / chronology Total Checkouts Full call number Barcode Date last seen Cost, replacement price Price effective from Koha item type
    Dewey Decimal Classification     Baccah Central Library Central Library Second Floor 09/05/2023 Purchase 1272.00 37380   771 SCO 000044960 15/07/2025 1590.00 09/05/2023 Book - Borrowing